000
00267nam a2200109Ia 4500
008
190216s9999||||xx |||||||||||||| ||und||
100
_a
Vidha Vindusingh
245
0
_a
Hindi - Kaki Roaomath
260
_b
"Neelesh Prakashan, Delhi"
_c
2002
300
_a
111
942
_c
BK
999
_c
16941
_d
16941